Guess the F1 drivers by their country (2024) - Statistics

General Stats
  • This quiz has been taken 55 times
  • The average score is 19 of 22
Answer Stats
Country Driver % Correct
Netherlands Max Verstappen
93%
Monaco Charles Leclerc
91%
England Lewis Hamilton
91%
America Logan Sargeant
91%
England Lando Norris
89%
China Zhou Guanyu
89%
Australia Daniel Ricciardo
86%
England George Russel
86%
Canada Lance Stroll
86%
Australia Oscar Piastri
86%
Finland Valtteri Bottas
86%
Spain Fernando Alonso
84%
France Pierre Gasly
84%
Mexico Sergio Perez
84%
Japan Yuki Tsunoda
84%
Thailand Alexander Albon
82%
France Esteban Ocon
82%
Denmark Kevin Magnussen
82%
Spain Carlos Sainz
80%
Argentina Franco Colapinto
77%
Germany Nico Hulkenberg
73%
England Oliver Bearman
66%
No matching quizzes found
Score Distribution
Percent of People with Each Score
Percentile by Number Answered
Your Score History
You have not taken this quiz